LEADER 01678nam a2200301 a 4500 001 000000143319 003 CaOOAMICUS 005 20150513135305.0 008 150513s2009 it u000 u ita r 020 $z881414236X* 040 $aPUL$bita 082 04$a342.04 245 03$aLa barra e il timone :$bgoverno e apparati amministrativi in alcuni ordinamenti costituzionali /$ca cura di Fulco Lanchester. 260 $aMilano :$bGiuffrè,$c2009. 300 $aXIX, 527 p. ;$c24 cm 490 1 $aPubblicazioni del Dipartimento di teoria dello Stato dell'Università degli studi di Roma La Sapienza. Biblioteca di Storia Costituzionale e Diritto Costituzionale Comparato Costantino Mortati ;$v18 504 $aInclude riferimenti bibliografici. 650 14$aDiritto costituzionale comparato.$0(OLS)http://pul/subject/4011 700 1 $aLanchester, Fulco.$0(OLS)http://pul/name/30148 830 0$aPubblicazioni del Dipartimento di teoria dello Stato dell'Università degli studi di Roma La Sapienza.$pBiblioteca di Storia Costituzionale e Diritto Costituzionale Comparato Costantino Mortati ;$v18.$0(OLS)http://pul/title/181362 850 $aPUL 852 $aPUL$W1$xSL Diritto e Scienze Sociali 3$y79$m342. 04 LANFU 1$j165434$qDDC 21$B165699$CPULBib$Z2$F165699 $H125704 $82 941 1 $a9 996 $6020$z881414236X*$9(OLS)http://pul/number/157524 996 $6082$a342.04$9(OLS)http://pul/classification/2757 996 $6245$aLa barra e il timone :$bgoverno e apparati amministrativi in alcuni ordinamenti costituzionali$9(OLS)http://pul/title/181361 996 $6260$aMilano :$bGiuffrè$9(OLS)http://pul/publisher/48401 LEADER 01394nam a2200265 u 4500 001 000000087177 003 CaOOAMICUS 005 20070226124358.0 008 051010s1908 it u000 u ita u 035 $a11062710 040 $aPUL(R)$bita 100 1 $aBallerini, P.$0(OLS)http://pul/name/56887 245 13$aIl teorema del binomio di Newton. Principi d'analisi indeterminata di I° grado. Funzioni circolari e la risoluzione dei triangoli rettangolari /$cP. Ballerini. 260 $aMonza :$bArtigianelli,$c1908. 300 $a83 p. ;$c19 cm 650 4$aAlgebra.$0(OLS)http://pul/subject/22624 740 02$aPrincipi d'analisi indeterminata di I° grado. 740 02$aFunzioni circolari e la risoluzione dei triangoli rettangolari. 850 $aPUL 852 $aPUL$W1$xDP1 Fondo Cecchetti$y53$m299 H 45$j110575$nBK-PRI$b $qFondi$B110575$CPULBib$Z2$F110575 $HPUL5205 $81 941 1 $a1 996 $6245$aIl teorema del binomio di Newton. Principi d'analisi indeterminata di I° grado. Funzioni circolari e la risoluzione dei triangoli rettangolari$9(OLS)http://pul/title/112848 996 $6740$aPrincipi d'analisi indeterminata di I° grado$9(OLS)http://pul/title/112849 996 $6740$aFunzioni circolari e la risoluzione dei triangoli rettangolari$9(OLS)http://pul/title/112850 996 $6260$aMonza :$bArtigianelli$9(OLS)http://pul/publisher/49979